Βασικές μαθηματικές έννοιες για τον εκπαιδευτικό της πρωτοβάθμιας εκπαίδευσης

Αποθηκεύτηκε σε:
Λεπτομέρειες βιβλιογραφικής εγγραφής
Κύριος συγγραφέας: Τριανταφυλλίδης, Τριαντάφυλλος Α.
Άλλοι συγγραφείς: Σδρόλιας, Κωνσταντίνος Α.
Μορφή: Βιβλίο
Γλώσσα:Greek
Δημοσίευση: Αθήνα : Τυπωθήτω - Γιώργος Δαρδανός, 2007.
Θέματα:
Ετικέτες: Προσθήκη ετικέτας
Δεν υπάρχουν, Καταχωρήστε ετικέτα πρώτοι!

MARC

LEADER 00000cam a2200000 i 4500
001 1/12937
008 110413r20072005gr ||| gre||
020 |a 9789604022067 
035 |l 10109994 
040 |a GR-MY-UA  |b gre  |e aacr 
041 0 |a gre 
082 0 |a 372.7   |2 (22) 
100 1 |a Τριανταφυλλίδης, Τριαντάφυλλος Α. 
245 1 0 |a Βασικές μαθηματικές έννοιες για τον εκπαιδευτικό της πρωτοβάθμιας εκπαίδευσης /   |c Τριαντάφυλλος Α. Τριανταφυλλίδης - Κωνσταντίνος Α. Σδρόλιας.  
260 |a Αθήνα :   |b Τυπωθήτω - Γιώργος Δαρδανός,   |c 2007.  
300 |a 282 σ. :   |b εικ. ;   |c 24 εκ. 
504 |a Βιβλιογραφία: σ. 281-282 
650 0 0 |a Mathematics  |x Study and teaching (Elementary) 
650 0 0 |a Mathematics teachers  |x Training of. 
700 1 |a Σδρόλιας, Κωνσταντίνος Α. 
852 |a INST  |b RHODES  |e 20110413  |h 372.7 ΤΡΙ  |p 005400033058  |q 005400033058  |t BK  |y 0 
852 |a INST  |b SAMOS  |e 20191009  |h 372.7 ΤΡΙ  |p 005300046156  |q 005300046156  |t BK  |y 0 
901 |a BIBL4-2011-1 
909 |a Ρ  |b 163526 
920 |a ΔΙΑΥΓΕΙΑ  |y ΡΟΔΟΣ  |z 2011-04 
970 |z 2011/04/